Statystyki dla Stany Stanów Zjednoczonych

Kliknij tutaj aby rozwiązać quiz!

Ogólne statystyki

  • Ten quiz został rozwiązany 12 razy
  • Średni wynik to 4 z 51

Statystyki odpowiedzi

StanOdpowiedź% Poprawnych
Dystrykt
Kolumbii
Waszyngton
89%
KoloradoDenver
67%
MassachusettsBoston
33%
OklahomaOklahoma City
33%
TeksasAustin
22%
HawajeHonolulu
22%
KaliforniaSacramento
22%
UtahSalt Lake City
22%
GeorgiaAtlanta
11%
IndianaIndianapolis
11%
AlabamaMontgomery
11%
ArizonaPhoenix
11%
Nowy JorkAlbany
0%
MarylandAnnapolis
0%
MaineAugusta
0%
LuizjanaBaton Rouge
0%
Dakota
Północna
Bismarck
0%
IdahoBoise
0%
NevadaCarson City
0%
Wirginia
Zachodnia
Charleston
0%
WyomingCheyenne
0%
Karolina
Południowa
Columbia
0%
OhioColumbus
0%
New HampshireConcord
0%
IowaDes Moines
0%
DelawareDover
0%
KentuckyFrankfort
0%
PensylwaniaHarrisburg
0%
ConnecticutHartford
0%
MontanaHelena
0%
MissisipiJackson
0%
MissouriJefferson City
0%
AlaskaJuneau
0%
MichiganLansing
0%
NebraskaLincoln
0%
ArkansasLittle Rock
0%
WisconsinMadison
0%
VermontMontpelier
0%
TennesseeNashville
0%
WaszyngtonOlympia
0%
Dakota
Południowa
Pierre
0%
Rhode IslandProvidence
0%
Karolina
Północna
Raleigh
0%
WirginiaRichmond
0%
MinnesotaSaint Paul
0%
OregonSalem
0%
Nowy MeksykSanta Fe
0%
IllinoisSpringfield
0%
FlorydaTallahassee
0%
KansasTopeka
0%
New JerseyTrenton
0%

Rozkład punktacji

Percentyl według liczby udzielonych odpowiedzi

Procent ludzi z każdym wynikiem

Twoja historia wyników

Nie rozwiązałeś tego quizu